| 000 | 00838nam a22002297a 4500 | ||
|---|---|---|---|
| 999 |
_c4834 _d4834 |
||
| 003 | AR-CdUCM | ||
| 008 | 190311b ||||| |||| 00| 0 spa d | ||
| 020 | _a84-7232-271-8 | ||
| 040 |
_aMUNICIPALIDAD PROVINCIAL DEL CUSCO _cBIBLIOTECA MUNICIPAL DEL CUSCO |
||
| 082 |
_a808.81 / _bD96 |
||
| 100 |
_aDuque Aquilino, Jimeno _914893 |
||
| 245 | _aLa calle y el campo / | ||
| 260 |
_aMadrid : _bTeype, _c1978. |
||
| 300 |
_a153 paginas ; _c23 cm. |
||
| 505 | _aContenido : Sevilla y sus circunstancias -- Versos y canciones del sur -- Del sur al norte -- EL campo de la verdad -- La soledad ... | ||
| 650 |
_aPoesía española _9158 |
||
| 650 |
_aLiteratura española _9362 |
||
| 650 |
_aLiteratura universal _9611 |
||
| 710 |
_aCultura hispana centro iberoamericano de cooperación Madrid _914894 |
||
| 942 |
_2ddc _cLIBROS |
||
| 945 | _arah | ||